| 000 | 00809npc a2200217Ia 4500 | ||
|---|---|---|---|
| 001 | cde3-1031 [d000000965] | ||
| 003 | IT-MiCISF | ||
| 008 | 161014s9999||||xx | und|| | ||
| 040 |
_aIT-MiCISF _cIT-MiCISF |
||
| 041 | _aen | ||
| 100 | _aAA.VV. | ||
| 240 | _aThe Effects on the Family of the Economic Crisis and Particularly of Unemployment | ||
| 245 | 4 | _aThe Effects on the Family of the Economic Crisis and Particularly of Unemployment | |
| 250 | _a1a ed. | ||
| 260 |
_a Strasburgo _bCouncil of Europe _c1985 |
||
| 300 | _app.assim. | ||
| 500 | _aConference of European Committee Responsible for Family Affairs / famiglia, economia, lavoro, disoccupazione, cambiamenti-famiglia, stratificazione-sociale, comparazione / | ||
| 650 | _afamiglia | ||
| 942 | _cDD | ||
| 957 | _71 | ||
| 999 |
_a1031 _bsi _g1 _c208658 _d208658 |
||